000
00342nam a2200157Ia 4500
003
0STCL
008
150530s9999 xx 000 0 und d
040
_a
STCL
_c
STCL
100
_a
Dorothy Sayers, L.
245
_a
Clouds of Witness
260
_c
1969
546
_a
English
942
_2
ddc
_c
BK
999
_c
57438
_d
57438
005
20220125171029.0